| 000 | 01251nam a2200337 a 4500 | ||
|---|---|---|---|
| 001 | ebr10070594 | ||
| 003 | CaPaEBR | ||
| 006 | m u | ||
| 007 | cr cn||||||||| | ||
| 008 | 050913r20021994enk sb 001 0 eng | ||
| 010 | _z 93005902 | ||
| 020 | _z0203130839 | ||
| 020 | _z0415068436 (hbk.) | ||
| 020 | _z0415068444 (pbk.) | ||
| 040 |
_aCaPaEBR _cCaPaEBR |
||
| 035 | _a(OCoLC)70755761 | ||
| 050 | 1 | 4 |
_aBF175.5.M37 _bF76 2002eb |
| 082 | 0 | 4 |
_a155.3/3 _220 |
| 100 | 1 | _aFrosh, Stephen. | |
| 245 | 1 | 0 |
_aSexual difference _h[electronic resource] : _bmasculinity and psychoanalysis / _cStephen Frosh. |
| 260 |
_aLondon ; _aNew York : _bRoutledge, _c2002. |
||
| 300 | _aviii, 153 p. | ||
| 504 | _aIncludes bibliographical references (p. [145]-148) and indexes. | ||
| 533 |
_aElectronic reproduction. _bPalo Alto, Calif. : _cebrary, _d2013. _nAvailable via World Wide Web. _nAccess may be limited to ebrary affiliated libraries. |
||
| 650 | 0 | _aMasculinity. | |
| 650 | 0 | _aSex differences (Psychology) | |
| 650 | 0 | _aPsychoanalysis. | |
| 655 | 7 |
_aElectronic books. _2local |
|
| 710 | 2 | _aebrary, Inc. | |
| 856 | 4 | 0 |
_uhttp://site.ebrary.com/lib/rucke/Doc?id=10070594 _zAn electronic book accessible through the World Wide Web; click to view |
| 999 |
_c43113 _d43113 |
||